| 000 | 00553nam a2200205Ia 4500 | ||
|---|---|---|---|
| 001 | 234 | ||
| 005 | 20251203123020.0 | ||
| 008 | 251203t1994||||xx |||||||||||||| ||spa|| | ||
| 041 | _aESP | ||
| 082 |
_aRT 909 _bC76 |
||
| 110 | _aEmpresa Editora El Comercio | ||
| 245 | 0 |
_aAtlas de la historia universal : _bThe Times |
|
| 260 |
_aLima : _bLord Cochrane, _c1994 |
||
| 300 |
_a319 páginas : _b ilustraciones, mapas ; _c 37 cm. _e |
||
| 440 |
_a _n _v |
||
| 650 | _aGEH | ||
| 653 | _aHistoria universal; Atlas | ||
| 654 | _aCTP | ||
| 942 |
_cLIB _dJUS _fTRC _2ddc _n |
||
| 999 |
_c234 _d234 |
||